Functional analysis and numerical mathematics / (Record no. 6553)
[ view plain ]
| 000 -LEADER | |
|---|---|
| fixed length control field | 00793nam a22002531 4500 |
| 001 - CONTROL NUMBER | |
| control field | 6553 |
| 003 - CONTROL NUMBER IDENTIFIER | |
| rucl marc code | BD-RjUL |
| 005 - DATE AND TIME OF LATEST TRANSACTION | |
| control field | 20211208234250.0 |
| 008 - FIXED-LENGTH DATA ELEMENTS--GENERAL INFORMATION | |
| fixed length control field | 140111s1966 nyua b 000 0 eng d |
| 035 ## - SYSTEM CONTROL NUMBER | |
| System control number | (BD-RjUL)6594 |
| 040 ## - CATALOGING SOURCE | |
| Original cataloging agency | DLC/ICU |
| Transcribing agency | ICU |
| Modifying agency | DLC |
| -- | (BD-RjUL) |
| Language of cataloging | eng |
| 041 1# - LANGUAGE CODE | |
| Language code of text/sound track or separate title | engger |
| 082 00 - DEWEY DECIMAL CLASSIFICATION NUMBER | |
| Edition number | 23 |
| Classification number | 515.7 |
| Author mark and year | COF 1966 |
| 100 1# - MAIN ENTRY--PERSONAL NAME | |
| Personal name | Collatz, Lothar. |
| Fuller form of name | (Lothar), |
| Dates associated with a name | 1910- |
| 9 (RLIN) | 20624 |
| 245 10 - TITLE STATEMENT | |
| Title | Functional analysis and numerical mathematics / |
| Statement of responsibility, etc. | by Lothar Collatz ; Translated by Hansjörg Oser. |
| 260 ## - PUBLICATION, DISTRIBUTION, ETC. (IMPRINT) | |
| Place of publication, distribution, etc. | New York : |
| Name of publisher, distributor, etc. | Academic Press, |
| Date of publication, distribution, etc. | c1966. |
| 300 ## - PHYSICAL DESCRIPTION | |
| Pagination | xx, 473 p. : |
| Illustrations | illus. ; |
| Size | 24 cm. |
| 500 ## - GENERAL NOTE | |
| General note | Includes index. |
| 650 #0 - SUBJECT ADDED ENTRY--TOPICAL TERM | |
| Topical term or geographic name as entry element | Functional analysis. |
| 9 (RLIN) | 20625 |
| Topical term or geographic name as entry element | Numerical analysis. |
| 9 (RLIN) | 285 |
| 700 ## - ADDED ENTRY--PERSONAL NAME | |
| Personal name | Oser, Hansjörg. |
| 942 ## - ADDED ENTRY ELEMENTS (KOHA) | |
| Source of classification or shelving scheme | Dewey Decimal Classification |
| Koha item type | Books |
| Lost status | Source of classification or shelving scheme | Damaged status | Not for loan | Collection code | Permanent Location | Current Location | Shelving location | Date acquired | Source of acquisition | Cost, normal purchase price | Total Checkouts | Full call number | Date last seen | Copy number | Koha item type |
|---|---|---|---|---|---|---|---|---|---|---|---|---|---|---|---|
| Dewey Decimal Classification | Non-fiction | Central Library, University of Rajshahi | Central Library, University of Rajshahi | 07/12/1968 | Zeitlinger | 175.60 | 515.7 COF 1966 | 11/01/2014 | c-7 | Books | |||||
| Dewey Decimal Classification | Non-fiction | Central Library, University of Rajshahi | Central Library, University of Rajshahi | 11/12/1968 | Zeitlinger | 175.60 | 515.7 COF 1966 | 30/08/2016 | C-2 | Books | |||||
| Dewey Decimal Classification | Non-fiction | Central Library, University of Rajshahi | Central Library, University of Rajshahi | 11/12/1968 | Zeitlinger | 175.60 | 515.7 COF 1966 | 30/08/2016 | C-3 | Books | |||||
| Dewey Decimal Classification | Non-fiction | Central Library, University of Rajshahi | Central Library, University of Rajshahi | 11/12/1968 | Zeitlinger | 175.60 | 515.7 COF 1966 | 30/08/2016 | C-4 | Books | |||||
| Dewey Decimal Classification | Non-fiction | Central Library, University of Rajshahi | Central Library, University of Rajshahi | 11/12/1968 | Zeitlinger | 175.60 | 515.7 COF 1966 | 30/08/2016 | C-5 | Books | |||||
| Dewey Decimal Classification | Non-fiction | Central Library, University of Rajshahi | Central Library, University of Rajshahi | 11/12/1968 | Zeitlinger | 175.60 | 515.7 COF 1966 | 30/08/2016 | C-6 | Books | |||||
| Dewey Decimal Classification | Not For Loan | Non-fiction | Central Library, University of Rajshahi | Central Library, University of Rajshahi | Reading Room | 29/03/1968 | U. S. I .S. | 515.7 COF 1966 | 12/04/2017 | C-1 | Books |